[Event "41st Olympiad Women 2014"]
[Site "Tromso NOR"]
[Date "2014.08.06"]
[Round "5.24"]
[Board "4"]
[White "Machlik, Edit"]
[Black "Bengtsson, Jessica"]
[Result "0-1"]
[WhiteElo "1950"]
[BlackElo "1933"]
[WhiteTeam "Norway 2"]
[BlackTeam "Sweden"]
[WhiteFideId "1513591"]
[BlackFideId "1711083"]
[EventDate "2014.08.02"]

1. d4 d5 2. c4 e6 3. Nc3 Be7 4. cxd5 exd5 5. Bf4 c6 6. e3 Bd6 7. Bg3 Ne7 8. Qc2
Nf5 9. Bd3 Nxg3 10. hxg3 h6 11. O-O-O Be6 12. Nf3 Nd7 13. Kb1 Qa5 14. Ne2 O-O-O
15. Nf4 Kb8 16. Nh5 g6 17. Nf4 Bg4 18. Rc1 g5 19. Ne2 Rde8 20. Nc3 Nf6 21. Rh2
Be6 22. Rhh1 Nd7 23. Nd2 Qd8 24. Na4 Qa5 25. Nc3 Qd8 26. Nb3 Nb6 27. Qe2 Qf6 28.
Qc2 h5 29. Rcf1 Rh6 30. Qe2 Bf5 31. Nc1 Bxd3+ 32. Nxd3 Qg6 33. Ka1 Nc4 34. Qd1
Reh8 35. Na4 Qe6 36. Nac5 Qe8 37. Rh3 f6 38. Rfh1 Bf8 39. g4 h4 40. Rf3 Bd6 41.
Rfh3 Bf8 42. Qf3 Nd6 43. g3 b6 44. Na6+ Kb7 45. Nab4 a5 46. Nc2 Qe4 47. Qe2 hxg3
48. f3 Qe6 49. Rxh6 Rxh6 50. Rxh6 Bxh6 51. Nde1 Bf8 52. Ng2 Nc4 53. Qe1 Bd6 54.
b3 Na3 55. Nxa3 Bxa3 56. Qxg3 c5 57. Qf2 cxd4 58. exd4 Qc6 59. Qd2 Bb4 60. Qe3
Qc2 0-1

[Event "41st Olympiad Women 2014"]
[Site "Tromso NOR"]
[Date "2014.08.06"]
[Round "5.25"]
[Board "1"]
[White "Goossens, Hanne"]
[Black "Lebel-Arias, Julia"]
[Result "1-0"]
[WhiteTitle "WFM"]
[BlackTitle "WIM"]
[WhiteElo "2178"]
[BlackElo "1859"]
[WhiteTeam "Belgium"]
[BlackTeam "Monaco"]
[WhiteFideId "200468"]
[BlackFideId "602019"]
[EventDate "2014.08.02"]

1. e4 g6 2. d4 Bg7 3. Nc3 c5 4. Nf3 Qa5 5. Be3 Nc6 6. Qd2 Nf6 7. d5 Nb4 8. Be2
Nxe4 9. Nxe4 Nxc2+ 10. Kd1 Qxd2+ 11. Kxd2 Nxe3 12. fxe3 Bxb2 13. Rab1 Ba3 14. d6
f5 15. Nc3 Bb4 16. Kc2 Bxc3 17. Kxc3 e6 18. Ne5 Rb8 19. a4 O-O 20. Bb5 Rd8 21.
a5 b6 22. a6 Kg7 23. Rbf1 h5 24. e4 Kf6 25. Nc4 e5 26. g3 Ke6 27. Re1 f4 28.
gxf4 exf4 29. Rhg1 Kf6 30. h4 Rf8 31. Rg5 Bxa6 32. Bxa6 b5 33. Ne5 Ke6 34. Nxg6
Rf6 35. e5 Rf5 36. Rxf5 Kxf5 37. e6 dxe6 38. d7 Rd8 39. Ne5 Kf6 40. Bxb5 Ke7 41.
Nc6+ 1-0

[Event "41st Olympiad Women 2014"]
[Site "Tromso NOR"]
[Date "2014.08.06"]
[Round "5.25"]
[Board "2"]
[White "Chung, Mathilde"]
[Black "Morozova, Iuliia"]
[Result "1/2-1/2"]
[WhiteTitle "WCM"]
[BlackTitle "WFM"]
[WhiteElo "1981"]
[BlackElo "2060"]
[WhiteTeam "Monaco"]
[BlackTeam "Belgium"]
[WhiteFideId "676446"]
[BlackFideId "14104946"]
[EventDate "2014.08.02"]

1. d4 d5 2. c4 e6 3. Nf3 c5 4. cxd5 exd5 5. Nc3 Nf6 6. Bg5 Be6 7. g3 Nc6 8. Bg2
Be7 9. O-O c4 10. Ne5 O-O 11. Qd2 h6 12. Bxf6 Bxf6 13. f4 Qb6 14. e3 Bxe5 15.
fxe5 Qd8 16. Rad1 a6 17. e4 Ne7 18. Bf3 Qd7 19. exd5 Nxd5 20. Nxd5 Bxd5 21. Qg2
Rfd8 22. Rf2 Rac8 23. Qf1 b5 24. Qe2 Bxf3 25. Rxf3 Qd5 26. a3 a5 27. Re3 Rc6 28.
Qd2 Ra6 29. Qc3 Rb8 30. Rc1 Rd8 31. Rd1 1/2-1/2

[Event "41st Olympiad Women 2014"]
[Site "Tromso NOR"]
[Date "2014.08.06"]
[Round "5.25"]
[Board "3"]
[White "Barbier, Wiebke"]
[Black "Levacic, Melissa"]
[Result "0-1"]
[WhiteElo "1944"]
[BlackElo "1994"]
[WhiteTeam "Belgium"]
[BlackTeam "Monaco"]
[WhiteFideId "207977"]
[BlackFideId "633747"]
[EventDate "2014.08.02"]

1. e4 e5 2. Nf3 Nc6 3. d3 Nf6 4. Be2 d5 5. Nbd2 Bc5 6. O-O O-O 7. c3 a5 8. Qc2
Ba7 9. b3 Re8 10. Bb2 Bg4 11. h3 Bh5 12. Rfe1 Bg6 13. Bf1 dxe4 14. dxe4 Nh5 15.
Rad1 Qf6 16. Bc1 Nf4 17. g3 Ne6 18. Kg2 Bh5 19. Be2 h6 20. Nc4 Ng5 21. Bxg5 hxg5
22. Rd5 g4 23. hxg4 Bxg4 24. Nxa5 Bxf2 25. Rf1 Bxg3 26. Nxe5 Bh3+ 27. Kxg3 Bxf1
28. Ng4 Qg6 29. Bxf1 Rxa5 30. Rxa5 Nxa5 31. Bd3 Rd8 32. Kf3 Nc6 33. e5 Qxd3+ 34.
Qxd3 Rxd3+ 35. Ke4 Rxc3 36. Ne3 Rxe3+ 37. Kxe3 Nxe5 0-1

[Event "41st Olympiad Women 2014"]
[Site "Tromso NOR"]
[Date "2014.08.06"]
[Round "5.25"]
[Board "4"]
[White "Grillon, Charline"]
[Black "Dierckens, Sarah"]
[Result "0-1"]
[WhiteElo "1734"]
[BlackElo "1873"]
[WhiteTeam "Monaco"]
[BlackTeam "Belgium"]
[WhiteFideId "1301047"]
[BlackFideId "205745"]
[EventDate "2014.08.02"]

1. d4 Nf6 2. c4 c5 3. d5 e6 4. Nc3 exd5 5. cxd5 d6 6. Nf3 g6 7. g3 Bg7 8. Bg2
O-O 9. O-O Re8 10. Bf4 a6 11. a4 Qb6 12. Qc1 Ne4 13. Nd2 Nxd2 14. Qxd2 Nd7 15.
a5 Qc7 16. Rfc1 Ne5 17. Ne4 Bf5 18. Rab1 Rac8 19. h3 Qd8 20. g4 Bxe4 21. Bxe4
Nxg4 22. Bxg6 hxg6 23. hxg4 Re4 24. Rd1 Qh4 25. f3 Bd4+ 26. e3 Rxf4 27. Kg2
Rxg4+ 28. fxg4 Qxg4+ 29. Kf1 Qh3+ 30. Kf2 Qf5+ 31. Kg1 Qg5+ 32. Kf2 Qf4+ 33. Kg2
Bxe3 34. Qe2 Re8 35. Qf3 Qg5+ 36. Qg3 Qxg3+ 37. Kxg3 Bd4 38. b4 Re5 39. bxc5
dxc5 40. d6 Rd5 41. Kg4 Rxd6 42. Rxb7 Rf6 43. Rb6 Kg7 44. Kg5 Bc3 45. Rxf6 Bxf6+
46. Kg4 Bc3 47. Rd6 Bxa5 48. Rxa6 Bd2 49. Rc6 Be3 50. Kf3 Bd4 51. Kg4 f6 52.
Rc7+ Kf8 53. Kf3 Ke8 54. Ke2 Kd8 55. Rg7 g5 56. Kd3 Ke8 57. Rc7 f5 58. Rh7 g4
59. Rh5 f4 60. Ke4 g3 61. Rg5 Be3 62. Rg7 Kd8 63. Kd3 Bd4 64. Rg5 Kd7 65. Ke4
Be3 66. Rg6 c4 67. Kd5 c3 68. Rg7+ Ke8 69. Ke6 Kf8 70. Rf7+ Ke8 71. Rc7 Kd8 72.
Rxc3 g2 73. Rd3+ Kc7 74. Rc3+ Kb6 75. Rb3+ Kc5 76. Rb8 g1=Q 77. Rc8+ Kd4 78.
Rd8+ 0-1

[Event "41st Olympiad Women 2014"]
[Site "Tromso NOR"]
[Date "2014.08.06"]
[Round "5.26"]
[Board "1"]
[White "Kurbonboeva, Sarvinoz"]
[Black "Feliciano Ebert, Vanessa"]
[Result "1/2-1/2"]
[WhiteTitle "WFM"]
[BlackTitle "WIM"]
[WhiteElo "2228"]
[BlackElo "2226"]
[WhiteTeam "Uzbekistan"]
[BlackTeam "Brazil"]
[WhiteFideId "14201780"]
[BlackFideId "2114160"]
[EventDate "2014.08.02"]

1. d4 Nf6 2. c4 e6 3. Nf3 Bb4+ 4. Bd2 a5 5. g3 d6 6. Bg2 Nbd7 7. O-O e5 8. Qc2
O-O 9. Nc3 Re8 10. e4 exd4 11. Nxd4 Ne5 12. b3 Bc5 13. Nf5 Nc6 14. Nd5 Nxd5 15.
cxd5 Bxf5 16. dxc6 Bc8 17. e5 b6 18. exd6 Bxd6 19. Bc3 Qg5 20. Rad1 Bf5 21. Qb2
Rad8 22. Rd5 Bf8 23. Rfd1 Rxd5 24. Rxd5 Qg6 25. h4 h6 26. Re5 Rd8 27. Qe2 Bg4
28. Qc4 Be6 29. Qe2 Bg4 30. Qc4 Be6 31. Qe2 Bc5 32. Kh2 Qd3 33. Rxe6 Qxc3 34.
Re8+ Rxe8 35. Qxe8+ Bf8 36. Qd7 Qe5 37. Bd5 Qe7 38. Qxe7 Bxe7 1/2-1/2

[Event "41st Olympiad Women 2014"]
[Site "Tromso NOR"]
[Date "2014.08.06"]
[Round "5.26"]
[Board "2"]
[White "Terao, Juliana Sayumi"]
[Black "Gevorgyan, Irina"]
[Result "0-1"]
[WhiteTitle "WIM"]
[BlackTitle "WFM"]
[WhiteElo "2222"]
[BlackElo "2141"]
[WhiteTeam "Brazil"]
[BlackTeam "Uzbekistan"]
[WhiteFideId "2109220"]
[BlackFideId "14201437"]
[EventDate "2014.08.02"]

1. e4 c6 2. d4 d5 3. Nd2 dxe4 4. Nxe4 Bf5 5. Ng3 Bg6 6. h4 h6 7. Nf3 Nd7 8. h5
Bh7 9. Bd3 Bxd3 10. Qxd3 e6 11. Bf4 Ngf6 12. O-O-O Be7 13. Kb1 O-O 14. Rde1 c5
15. Qe2 Nd5 16. Bd2 cxd4 17. Nxd4 Bf6 18. Nb3 a5 19. Ne4 a4 20. Nc1 Qb6 21.
Nxf6+ N7xf6 22. c4 a3 23. Nb3 axb2 24. cxd5 Qa7 25. Ba5 b6 26. dxe6 bxa5 27. Qe3
Qb7 28. Nc5 Qb5 29. Ne4 Nxe4 30. Qxe4 fxe6 31. Qxe6+ Kh8 32. Qe4 Rac8 33. f3
Rc1+ 34. Rxc1 bxc1=Q+ 35. Kxc1 Rc8+ 36. Kd2 Rd8+ 37. Kc3 Qc5+ 38. Qc4 Qe5+ 39.
Kc2 Qf5+ 40. Kb2 Rb8+ 0-1

[Event "41st Olympiad Women 2014"]
[Site "Tromso NOR"]
[Date "2014.08.06"]
[Round "5.26"]
[Board "3"]
[White "Baymuratova, Sevara"]
[Black "Ribeiro, Regina"]
[Result "1-0"]
[WhiteTitle "WFM"]
[BlackTitle "WIM"]
[WhiteElo "2127"]
[BlackElo "2000"]
[WhiteTeam "Uzbekistan"]
[BlackTeam "Brazil"]
[WhiteFideId "14202182"]
[BlackFideId "2100681"]
[EventDate "2014.08.02"]

1. d4 e6 2. c4 d5 3. Nc3 f5 4. Nf3 c6 5. g3 Nf6 6. Bg2 Bd6 7. O-O O-O 8. b3 Qe8
9. Bf4 Bb4 10. Qc2 Nh5 11. Be5 Be7 12. Na4 Nd7 13. Bc7 Rf6 14. Nb2 Qf8 15. Nd3
Rh6 16. Nfe5 g5 17. f3 Ndf6 18. e4 Qg7 19. exf5 exf5 20. Rae1 Ne8 21. Ba5 Nhf6
22. Bd2 Nd7 23. Rf2 Bd6 24. Rfe2 Nc7 25. c5 Bxe5 26. Nxe5 Nf8 27. h4 Nce6 28.
Qd3 f4 29. Ng4 gxh4 30. Nxh6+ Qxh6 31. gxh4 Qxh4 32. Re5 Bd7 33. R1e2 Qf6 34.
Bh3 Re8 35. Rg2+ Kh8 36. Bc3 Nxc5 37. dxc5 Rxe5 38. Bxd7 Nxd7 39. Re2 Qg5+ 40.
Kf1 Nxc5 41. Rxe5 1-0

[Event "41st Olympiad Women 2014"]
[Site "Tromso NOR"]
[Date "2014.08.06"]
[Round "5.26"]
[Board "4"]
[White "Chang, Suzana"]
[Black "Kakhramonova, Mokhinur"]
[Result "0-1"]
[WhiteTitle "WFM"]
[WhiteElo "1991"]
[BlackElo "2044"]
[WhiteTeam "Brazil"]
[BlackTeam "Uzbekistan"]
[WhiteFideId "2105985"]
[BlackFideId "14201771"]
[EventDate "2014.08.02"]

1. d4 f5 2. g3 Nf6 3. Bg2 g6 4. b3 Bg7 5. Bb2 O-O 6. c4 d6 7. Nf3 c6 8. O-O Qc7
9. d5 Na6 10. Nc3 e5 11. dxe6 Bxe6 12. Nd4 Bf7 13. e3 Rad8 14. Qe2 Nc5 15. Rfd1
Rfe8 16. Rac1 Nce4 17. Qc2 Qe7 18. Nf3 Ng4 19. Nxe4 fxe4 20. Bxg7 exf3 21. Bxf3
Nxh2 22. Kxh2 Kxg7 23. Rd2 Qf6 24. Bg2 Re5 25. Rcd1 g5 26. e4 g4 27. Kg1 Bg6 28.
Qc3 b6 29. f4 gxf3 30. Bxf3 Kf7 31. Bg2 Ke7 32. Rf2 Qg5 33. Rf4 Kd7 34. a4 Kc7
35. b4 Qe7 36. Rdf1 Kb8 37. Qd4 Qg5 38. Rf8 Kc7 39. Rxd8 Qxd8 40. a5 Qe7 41.
axb6+ axb6 42. Rf4 Rg5 43. Qa1 Rxg3 44. Qa7+ Kd8 45. Qxb6+ Kd7 46. Qf2 Qg5 47.
Rf8 Qe3 48. b5 cxb5 49. cxb5 Qxf2+ 50. Kxf2 Rb3 51. Rb8 Kc7 52. Ra8 Rb2+ 0-1

[Event "41st Olympiad Women 2014"]
[Site "Tromso NOR"]
[Date "2014.08.06"]
[Round "5.27"]
[Board "1"]
[White "Mouradian, Knarik"]
[Black "Coimbra, Margarida"]
[Result "1/2-1/2"]
[WhiteTitle "WIM"]
[BlackTitle "WFM"]
[WhiteElo "2188"]
[BlackElo "2071"]
[WhiteTeam "Lebanon"]
[BlackTeam "Portugal"]
[WhiteFideId "5300517"]
[BlackFideId "1901192"]
[EventDate "2014.08.02"]

1. e4 e5 2. d4 exd4 3. Qxd4 Nc6 4. Qe3 Nf6 5. Bd2 Bb4 6. a3 Bxd2+ 7. Nxd2 O-O 8.
O-O-O Re8 9. f4 d6 10. Bd3 Bf5 11. Ngf3 Nxe4 12. Nxe4 d5 13. Ne5 Nxe5 14. fxe5
Rxe5 15. Qf4 dxe4 16. Qxe5 Qg5+ 17. Kb1 exd3 18. Rxd3 h6 19. Re3 Bxc2+ 20. Ka1
Qxg2 21. Rhe1 Bg6 22. Qxc7 Kh7 23. Re7 b5 24. Qb7 Qxb7 25. Rxb7 a6 26. b3 Rc8
27. Re2 a5 28. Kb2 a4 29. bxa4 bxa4 30. Rb4 Ra8 31. Rd2 Bf5 32. Rdd4 Rc8 33. Rd2
Ra8 34. Rdd4 Rc8 35. Rd2 1/2-1/2

[Event "41st Olympiad Women 2014"]
[Site "Tromso NOR"]
[Date "2014.08.06"]
[Round "5.27"]
[Board "2"]
[White "Oliveira, Maria Ines"]
[Black "Nekrasova, Elena"]
[Result "1/2-1/2"]
[WhiteTitle "WCM"]
[BlackTitle "WFM"]
[WhiteElo "1890"]
[BlackElo "2076"]
[WhiteTeam "Portugal"]
[BlackTeam "Lebanon"]
[WhiteFideId "1909436"]
[BlackFideId "14100908"]
[EventDate "2014.08.02"]

1. e4 c5 2. Nf3 e6 3. d4 cxd4 4. Nxd4 Nf6 5. Nc3 Nc6 6. Ndb5 Bb4 7. a3 Bxc3+ 8.
Nxc3 d5 9. exd5 exd5 10. Bd3 d4 11. Ne2 O-O 12. O-O Qd5 13. Re1 Re8 14. Bf4 Bf5
15. Bg3 Ne4 16. Nf4 Qd7 17. Qh5 Nxg3 18. hxg3 Bxd3 19. Nxd3 b6 20. Rad1 Rac8 21.
Ne5 Nxe5 22. Rxe5 Rxc2 23. Rxd4 Qc8 24. Rxe8+ Qxe8 25. Qe5 Rc8 26. Qxe8+ Rxe8
27. Kf1 Kf8 28. Rd7 Re7 29. Rd8+ Re8 30. Rd7 Re7 31. Rd8+ 1/2-1/2

[Event "41st Olympiad Women 2014"]
[Site "Tromso NOR"]
[Date "2014.08.06"]
[Round "5.27"]
[Board "3"]
[White "Jalloul, Maya M."]
[Black "Monteiro, Sara Cristina da Silva"]
[Result "0-1"]
[WhiteTitle "WFM"]
[BlackTitle "WCM"]
[WhiteElo "1922"]
[BlackElo "1781"]
[WhiteTeam "Lebanon"]
[BlackTeam "Portugal"]
[WhiteFideId "5300800"]
[BlackFideId "1909860"]
[EventDate "2014.08.02"]

1. e4 d5 2. exd5 Qxd5 3. Nf3 Bg4 4. Be2 Nc6 5. O-O O-O-O 6. Re1 Nf6 7. h3 Bh5 8.
d3 e6 9. Nbd2 Bc5 10. Nc4 Nd4 11. Nxd4 Qxd4 12. Be3 Bxe2 13. Qxe2 Qd5 14. Bxc5
Qxc5 15. Ne5 Rhf8 16. c3 Nd7 17. d4 Qd5 18. Qc2 g6 19. Qa4 a6 20. Rad1 Nb6 21.
Qa3 Nc4 22. Nxc4 Qxc4 23. Re5 f6 24. b3 Qc6 25. Re3 Rfe8 26. Rde1 Rd5 27. f3 Qd6
28. Qa4 b5 29. Qa5 Kb7 30. b4 Rg5 31. R1e2 Qg3 32. Kh1 e5 33. Qa3 Rd8 34. Qb2
exd4 35. cxd4 Rgd5 36. Rd3 Re5 37. dxe5 Rxd3 38. Qc2 Rd4 39. e6 Qd6 40. Re1 Qxb4
41. Rc1 Rc4 42. Qd1 Qd6 43. Rb1 Qxe6 44. a4 b4 45. a5 Qc6 46. Qd2 Qd6 47. Qe2
Rd4 48. Qc2 f5 49. Qb3 c5 50. Qf7+ Qd7 51. Qf8 Rd1+ 52. Rxd1 Qxd1+ 53. Kh2 Qd7
54. Kh1 Qc7 55. Qg8 Qd7 56. Qc4 Qd1+ 57. Kh2 Qd6+ 58. Kh1 Qc7 59. Qd5+ Ka7 60.
Qg8 Qd7 61. Qc4 Qd1+ 62. Kh2 Qd4 63. Qf7+ Kb8 64. Qg8+ Kc7 65. Qxh7+ Kc6 66. Qa7
Qd6+ 67. Kh1 Kb5 68. Qf7 Kxa5 69. Qa2+ Kb6 70. g4 fxg4 71. hxg4 Kb5 72. Qa1 c4
73. Qf1 b3 74. Qe1 a5 75. Qe8+ Qc6 76. Qe5+ Kb4 77. Qe7+ Ka4 78. Qe2 c3 0-1

[Event "41st Olympiad Women 2014"]
[Site "Tromso NOR"]
[Date "2014.08.06"]
[Round "5.27"]
[Board "4"]
[White "Jorge, Rita Maria Osorio"]
[Black "Bedrosian, Danielle"]
[Result "1/2-1/2"]
[WhiteElo "1693"]
[BlackElo "1715"]
[WhiteTeam "Portugal"]
[BlackTeam "Lebanon"]
[WhiteFideId "1923161"]
[BlackFideId "5300479"]
[EventDate "2014.08.02"]

1. e4 d5 2. exd5 Qxd5 3. Nc3 Qd6 4. h3 Nf6 5. Bc4 c6 6. d3 e6 7. Nf3 Be7 8. O-O
O-O 9. Re1 Nbd7 10. Bg5 Qc7 11. Qd2 b5 12. Bb3 Bb7 13. Rad1 Rfe8 14. Ne4 Rad8
15. Nxf6+ Bxf6 16. Bxf6 Nxf6 17. Qe2 c5 18. a3 Qc6 19. Qe5 Qd6 20. Qxd6 Rxd6 21.
Ne5 Red8 22. Ra1 a5 23. a4 b4 24. Bc4 Nd7 25. Bb5 Nxe5 26. Rxe5 Bd5 27. b3 f6
28. Re3 e5 29. Rae1 Kf8 30. R1e2 Bc6 31. Bxc6 Rxc6 32. Re4 Rd4 33. Kf1 Rcd6 34.
f3 Kf7 35. Kf2 Rxe4 36. Rxe4 Rd4 37. Ke3 Ke6 38. Ke2 f5 39. Rxd4 cxd4 40. g3 Kd5
41. g4 Ke6 42. h4 g6 43. g5 Kd5 44. Kd2 Ke6 45. Ke2 Kd5 46. Kd2 Kd6 47. Ke2 f4
48. Kf2 Ke6 49. Kf1 Kf7 50. Kg2 Ke6 51. Kf1 Kf7 52. Kg2 Ke6 53. Kf1 Kf7 1/2-1/2

[Event "41st Olympiad Women 2014"]
[Site "Tromso NOR"]
[Date "2014.08.06"]
[Round "5.28"]
[Board "1"]
[White "Lin, Yu-Tong Elaine"]
[Black "Baciu, Diana"]
[Result "0-1"]
[WhiteTitle "WCM"]
[BlackTitle "WIM"]
[WhiteElo "1519"]
[BlackElo "2294"]
[WhiteTeam "Chinese Taipei"]
[BlackTeam "Moldova"]
[WhiteFideId "16300149"]
[BlackFideId "13903284"]
[EventDate "2014.08.02"]

1. c4 e5 2. Nc3 Nf6 3. Nf3 Nc6 4. g3 d5 5. cxd5 Nxd5 6. Bg2 Nb6 7. O-O Be7 8. a3
Be6 9. b4 f6 10. Bb2 Nc4 11. Qc2 Nxb2 12. Qxb2 O-O 13. Rac1 Rb8 14. Ne4 Bd5 15.
Nc5 e4 16. Nd4 Nxd4 17. Qxd4 f5 18. Qc3 Bf6 19. d4 c6 20. e3 h5 21. Qb2 Qe8 22.
Bh3 Bg5 23. Rc2 h4 24. Re1 Rf6 25. Kg2 Qf7 26. b5 Rh6 27. bxc6 Bxc6 28. Rh1 Rd8
29. Kg1 Qh5 30. Bxf5 Qd1+ 31. Kg2 Qf3+ 32. Kg1 Qxf5 33. Nxb7 Bxb7 34. Qxb7 Rb6
35. Qc7 Rb1+ 36. Rc1 Rxc1+ 37. Qxc1 Qf3 38. Qc4+ Kh8 39. Qf1 Rb8 40. a4 Rb2 41.
Qe1 h3 0-1

[Event "41st Olympiad Women 2014"]
[Site "Tromso NOR"]
[Date "2014.08.06"]
[Round "5.28"]
[Board "2"]
[White "Petrenko, Svetlana"]
[Black "Gao, Yi-Ping"]
[Result "1-0"]
[WhiteTitle "IM"]
[WhiteElo "2205"]
[BlackElo "1723"]
[WhiteTeam "Moldova"]
[BlackTeam "Chinese Taipei"]
[WhiteFideId "13900196"]
[BlackFideId "16300955"]
[EventDate "2014.08.02"]

1. e4 d6 2. d4 Nf6 3. Nc3 g6 4. g3 Bg7 5. Bg2 O-O 6. Nge2 e5 7. O-O Nc6 8. dxe5
dxe5 9. Nd5 h6 10. c4 Bg4 11. f3 Be6 12. Be3 Kh7 13. Qd2 Nb8 14. Qb4 b6 15. Rfd1
Nbd7 16. Rd2 c6 17. Nxf6+ Qxf6 18. Rad1 Rfd8 19. Qa4 b5 20. cxb5 Nb6 21. Bxb6
axb6 22. Qc2 cxb5 23. Rxd8 Rxd8 24. a3 Qe7 25. b4 Bc4 26. Bf1 Rxd1 27. Qxd1 Qa7
28. Qc1 Qa4 29. Nc3 Qb3 30. Nxb5 Bxb5 31. Bxb5 Qxf3 32. Bc6 Qd3 33. Bd5 f5 34.
Qc4 Qb1+ 35. Kg2 h5 36. Qf1 Qc2+ 37. Qf2 Qd3 38. Qf3 Qd2+ 39. Kh3 f4 40. Bc4 Bf6
41. Be2 Kg7 42. Kg2 Bg5 43. Qd3 Qxd3 44. Bxd3 fxg3 45. Kxg3 Bd8 46. Bb5 Kf6 47.
Be8 Kg7 48. Kf3 Kf6 49. Ke2 h4 50. Kd3 g5 51. Bh5 Ke6 52. Kc4 Kd6 53. Kb5 Kc7
54. a4 Kb7 55. Be2 Bc7 56. h3 Bd8 57. a5 bxa5 58. bxa5 Ka7 59. Bg4 Bc7 60. Bc8
Bd8 61. Bg4 Bc7 62. Be2 Bd8 63. a6 Bf6 64. Bf1 Bg7 65. Kc6 g4 66. hxg4 h3 67.
Bxh3 Kxa6 68. g5 Ka5 69. Kd7 Kb5 70. Ke7 Kc5 71. Kf7 Kd4 72. Bf5 1-0

[Event "41st Olympiad Women 2014"]
[Site "Tromso NOR"]
[Date "2014.08.06"]
[Round "5.28"]
[Board "3"]
[White "Liao, Jo-Yu"]
[Black "Partac, Elena"]
[Result "0-1"]
[BlackTitle "WGM"]
[WhiteElo "1478"]
[BlackElo "2127"]
[WhiteTeam "Chinese Taipei"]
[BlackTeam "Moldova"]
[WhiteFideId "16300459"]
[BlackFideId "13901001"]
[EventDate "2014.08.02"]

1. e4 c5 2. Nf3 e6 3. d4 cxd4 4. Nxd4 Nf6 5. Nc3 Nc6 6. Be3 Bb4 7. Nxc6 bxc6 8.
Bd2 d5 9. exd5 cxd5 10. Bb5+ Bd7 11. Bxd7+ Qxd7 12. O-O O-O 13. Ne2 Bxd2 14.
Qxd2 Rab8 15. b3 Rfc8 16. Rac1 h6 17. Rfd1 Rb7 18. f3 Rbc7 19. c4 dxc4 20. Qxd7
Nxd7 21. Rxc4 Rxc4 22. bxc4 Nb6 23. c5 Rxc5 24. Rd8+ Kh7 25. Rf8 Rc7 26. Nd4 Kg6
27. Rb8 Rd7 28. Nc6 Kf6 29. Nxa7 Rxa7 30. Rxb6 Rxa2 31. Rb1 g5 32. h3 h5 33. Rb4
Kf5 34. g4+ hxg4 35. hxg4+ Ke5 36. Kf1 f5 37. gxf5 exf5 38. Rc4 Rd2 39. Ke1 Rd4
40. Rc5+ Kf4 41. Rc3 Ra4 42. Ke2 Kg3 43. Kf1 Ra2 44. Ke1 Ra1+ 45. Ke2 Ra2+ 46.
Ke1 Ra4 47. Ke2 Ra5 48. Re3 f4 49. Rb3 Re5+ 50. Kd2 Kf2 51. Kd1 Re1+ 52. Kd2 Rg1 0-1

[Event "41st Olympiad Women 2014"]
[Site "Tromso NOR"]
[Date "2014.08.06"]
[Round "5.29"]
[Board "1"]
[White "Mona, Khaled"]
[Black "Frick, Denise"]
[Result "1-0"]
[WhiteTitle "WGM"]
[BlackTitle "WIM"]
[WhiteElo "2169"]
[BlackElo "1892"]
[WhiteTeam "Egypt"]
[BlackTeam "South Africa"]
[WhiteFideId "10605908"]
[BlackFideId "14300818"]
[EventDate "2014.08.02"]

1. d4 f5 2. Nf3 g6 3. e3 Nf6 4. c4 Bg7 5. Nc3 d6 6. Bd3 O-O 7. b4 c5 8. bxc5
dxc5 9. Bb2 cxd4 10. exd4 Nc6 11. d5 Nb4 12. Be2 Ne4 13. Qb3 Nxc3 14. Bxc3 Na6
15. Bxg7 Kxg7 16. O-O Nc5 17. Qb2+ Kg8 18. Rfd1 Bd7 19. Nd4 Rf6 20. Nb3 Rb6 21.
Qa3 Ne4 22. Rac1 Ra6 23. Qb2 Rf6 24. f3 Nd6 25. c5 Nf7 26. Kh1 Qe8 27. Nd4 Nd8
28. Bc4 Qf8 29. c6 bxc6 30. dxc6+ Be6 31. Nxe6 Nxe6 32. Qe5 Kf7 33. Rd7 Qb8 34.
Qc5 Qf8 35. Re1 Rb8 36. c7 Ra8 37. Qd6 1-0

[Event "41st Olympiad Women 2014"]
[Site "Tromso NOR"]
[Date "2014.08.06"]
[Round "5.29"]
[Board "2"]
[White "Solomons, Anzel"]
[Black "Wafa, Shrook"]
[Result "0-1"]
[WhiteTitle "WIM"]
[BlackTitle "WGM"]
[WhiteElo "1840"]
[BlackElo "2065"]
[WhiteTeam "South Africa"]
[BlackTeam "Egypt"]
[WhiteFideId "14300800"]
[BlackFideId "10609970"]
[EventDate "2014.08.02"]

1. d4 Nf6 2. c4 e6 3. Nf3 Bb4+ 4. Bd2 Qe7 5. a3 Bxd2+ 6. Nbxd2 d6 7. e4 e5 8.
Bd3 O-O 9. O-O Bg4 10. Qc2 Nbd7 11. h3 Bh5 12. b4 b6 13. d5 Bxf3 14. Nxf3 Nh5
15. g3 Kh8 16. Nh4 g6 17. Qd2 Nf4 18. Kh2 Qf6 19. Be2 Rg8 20. Bg4 Rad8 21. Rac1
Nb8 22. Rc3 Qe7 23. Ng2 Nxg2 24. Kxg2 Rgf8 25. f4 f5 26. exf5 gxf5 27. Bh5 e4
28. Qd4+ Qf6 29. Qxf6+ Rxf6 30. g4 Nd7 31. Re3 Rg8 32. Rg3 Rff8 33. g5 Rg7 34.
Rg1 a5 35. Kh2 axb4 36. axb4 Ra8 37. Re1 Ra4 38. Rb3 b5 39. Rc1 Nb6 40. Be2 Ra2
41. Re1 bxc4 42. Rc3 Nxd5 43. Rxc4 Nxf4 0-1

[Event "41st Olympiad Women 2014"]
[Site "Tromso NOR"]
[Date "2014.08.06"]
[Round "5.29"]
[Board "3"]
[White "Moaataz, Ayah"]
[Black "Tlale, Tshepang"]
[Result "0-1"]
[WhiteTitle "WIM"]
[BlackTitle "WIM"]
[WhiteElo "1954"]
[BlackElo "1798"]
[WhiteTeam "Egypt"]
[BlackTeam "South Africa"]
[WhiteFideId "10615873"]
[BlackFideId "14304503"]
[EventDate "2014.08.02"]

1. c4 e6 2. g3 d5 3. Bg2 Nf6 4. Nf3 Be7 5. O-O O-O 6. Qc2 Re8 7. d4 h6 8. b3
Nbd7 9. Nc3 b6 10. Bf4 a6 11. e4 dxe4 12. Nxe4 Bb7 13. Ne5 Nxe4 14. Bxe4 Bxe4
15. Qxe4 Nxe5 16. Bxe5 Bf6 17. f4 Qe7 18. Rad1 Rad8 19. Qc6 Rd7 20. Bxf6 gxf6
21. Rfe1 f5 22. Qf3 Red8 23. Qc3 Qf6 24. Re5 Kh7 25. Qd3 c6 26. Qe3 b5 27. Qc3
c5 28. Rxc5 Rxd4 29. Rxd4 Rxd4 30. Kf2 Rxf4+ 31. gxf4 Qxc3 32. Rc6 Qd4+ 33. Kf1
Qxf4+ 34. Kg1 Qe3+ 0-1

[Event "41st Olympiad Women 2014"]
[Site "Tromso NOR"]
[Date "2014.08.06"]
[Round "5.29"]
[Board "4"]
[White "Van Niekerk, Robyn Julian"]
[Black "Wafa, Shahenda"]
[Result "1-0"]
[BlackTitle "WIM"]
[WhiteElo "1627"]
[BlackElo "1932"]
[WhiteTeam "South Africa"]
[BlackTeam "Egypt"]
[WhiteFideId "14305020"]
[BlackFideId "10609962"]
[EventDate "2014.08.02"]

1. d4 Nf6 2. c4 g6 3. g3 Bg7 4. Bg2 O-O 5. Nc3 d6 6. Nf3 Nbd7 7. O-O e5 8. e4
exd4 9. Nxd4 Ne5 10. b3 Bd7 11. Rb1 Re8 12. Re1 c6 13. h3 Bc8 14. Bg5 Qc7 15.
Qd2 Be6 16. f4 Nxc4 17. bxc4 Bxc4 18. f5 d5 19. Bf4 Qd7 20. e5 Nh5 21. f6 Nxf4
22. Qxf4 Bf8 23. Kh2 c5 24. Ndb5 Bd3 25. Rb2 d4 26. Nd6 dxc3 27. Rxb7 Qe6 28.
Rxf7 Bxd6 29. Rg7+ Kh8 30. Qh6 g5 31. Rxh7+ 1-0